00381nam a2200133Ia 4500008004100000082001500041100001600056245002000072260001800092600001500110942000700125952009800132999001700230241002s9999 xx 000 0 und d a808.84 AUD aAuden, W.H. 0aSelected Essays aLondon:c1962 aLiterature cUC 00104070aUITUbUITUd1994-01-01l0o808.84 AUDpUC316r2024-10-02 09:31:17w2024-10-02yUC c18643d18643